000 00599nam a22002057a 4500
003 BUBTL
008 210927b ||||| |||| 00| 0 eng d
020 _a9847002001143
082 _a823.8 / H2222r 2010
100 _94217
_aHardy, Thomas
245 _a The return of the native /
_cThomas Hardy
250 _a1st ed.
260 _aDhaka :
_bFriends' Book Corner,
_cc2010.
300 _alxiii, 433 p. :
_bill. ;
_c20 cm.
440 _94221
_aFriends' Classics
650 0 _91994
_aEnglish Literature
856 _k0
_l0
_yDownload
942 _2ddc
_cBK
999 _c6538
_d6538